000 00474pab a2200169 454500
008 180718b2011 xxu||||| |||| 00| 0 eng d
100 _aTripathi, Narendra Kumar
245 _aScarcity dilemma as security dilemma: Geopolitics of water governance in South Asia
260 _c2011
300 _ap.67-72.
362 _aFeb 12
650 _aWater supply - South Asia
650 _aWater supply
773 _aEconomic and Political Weekly
908 _aN
909 _a90721
999 _c90721
_d90721